000 01344cam a22003377a 4500
003 CHAP
005 20220329142047.0
008 990518d1998 mx rs o00111 spa d
010 _a77818
011 _a78790
020 _a9701321901
035 _a88859
040 _cCHAP
082 0 4 _a333.0972
_bI55 Ver.
110 2 _aInstituto Nacional de Estadística, Geografía e Informática. México
_959304
245 1 0 _aTabulados básicos ejidales por municipio :
_bVeracruz : programa de certificación de derechos ejidales y titulación de solares urbanos, PROCEDE 1992-1997
_c/por Instituto Nacional de Estadística, Geografía e Informática
260 _aAguascalientes, Ags. :
_bInstituto Nacional de Estadística, Geografía e Informática,
_c1998.
300 _a152 p. :
_banexos
590 _aBATCH-UPD
_b10
_c20130110
_lUCH01
_h1754
590 _aBATCH-UPD
_b10
_c20130410
_lUCH01
_h1131
590 _aBATCH-UPD
_b10
_c20130914
_lUCH01
_h1332
590 _aCONVERSION
_b10
_c20130109
_lUCH01
_h1343
650 1 4 _aEjidos
_xVeracruz.
_936035
650 1 4 _aParcelas.
_985484
650 1 4 _aTierras
_xTenencia
_xVeracruz.
_9113209
650 1 4 _aTierras
_xUtilización
_xVeracruz.
_9113262
901 _aBK
905 _aLilia Sánchez G.
942 _cLIBRO
949 _a333.0972 I55 Ver.
_bBC
_cINEGI
_d33724000722609
_eINEGI
_gI.c/e
_h95271
_i88859
_sb
999 _c77818
_d77818